Donau-Post Zeitschrift für Briefmarkenkunde
Nemecký odborný filatelistický časopis
| Corporate Authors: | , , |
|---|---|
| Other Authors: | |
| Format: | Journal |
| Language: | German |
| PhysicalDescription: | 26 roč. 32 x 21 cm |
| Published: |
Bratislava
József Kőhegyi
1918
Bratislava Viktor Weinert Bratislava [s.n.] Bratislava Viktor Winert Bratislava Viktor Winerťs Wwe |
| Subjects: |
MARC
| LEADER | 00000nas a22000001a 4500 | ||
|---|---|---|---|
| 001 | vtls010300048 | ||
| 003 | SK-MaSNL | ||
| 005 | 20260228162443.0 | ||
| 008 | 110810d19181943xo mr p r 0 b0ger | ||
| 015 | |a SNBDS17XX9999 | ||
| 015 | |a 0096 |2 Potemra inoreč. do r. 1918 | ||
| 015 | |a 1033 |2 Kipsová 1919-38 | ||
| 015 | |a 0073 |2 Fedor 1939-44 | ||
| 038 | |a SNKBUDS | ||
| 040 | |a SNK |b slo |c SNK |e AACR2 | ||
| 041 | 0 | |a ger | |
| 044 | |a xo |c SK | ||
| 245 | 0 | 0 | |a Donau-Post |b Zeitschrift für Briefmarkenkunde |
| 260 | |a Bratislava |b József Kőhegyi |c 1918 | ||
| 260 | 2 | |3 1919-1938 |a Bratislava |b Viktor Weinert | |
| 260 | 2 | |3 1939-4/XXIV 1941 |a Bratislava |b [s.n.] | |
| 260 | 3 | |3 5/XXIV 1941-5/XXV 1942 |a Bratislava |b Viktor Winert | |
| 260 | 3 | |3 6/XXV 1942-1943 |a Bratislava |b Viktor Winerťs Wwe | |
| 300 | |a 26 roč. |c 32 x 21 cm | ||
| 310 | |a 1x mesačne | ||
| 362 | 0 | |a Roč. I, č. 1 (marec 1918)-roč. XXVI, č. 1 (jan. 1943) | |
| 500 | |a Zmena podnázvu: od 1/XXV (1942) Mit den Mitteilungen der KdF Sammlergruppen in der Ostmark dem Sudetenland und dem Protektorat Böhmen und Mähren; od 4/XXIV (apríl 1941) Amtsblatt der Gemeinschaft "Kraft durch Freude" der AdV, Pressburg | ||
| 500 | |a Vychádzal Bratislave mesačne; od 1/II (1919) 5. každého mesiaca; od 3/II (15. marca 1919) 15. každého mesiaca; od 12/II (25. dec. 1919) 25. každého mesiaca; od 7/III (júl 1920) 5. každého mesiaca; od 1/XVI (1. jan. 1933) 1. každého mesiaca; od r. 1939 mesačne vo formáte 32 x 21 cm, od 1/II (1919) 23 x 15 cm; od 1/XXII (1939) 22 x 15 cm | ||
| 500 | |a Red. Viktor Weinert; od 1/II (1919) hlav. red. Viktor Weinert; od 5/XXIV (máj 1941) red. Viktor Winert; od 6/XXV (17. júna 1942) Karol Zelinka | ||
| 500 | |a Vyd. József Kőhegyi; od 1/II (1919) nakl. Viktor Weinert; od XXII (1939) bez vydav. údajov; od 5/XXIV (máj 1941) vyd. Viktor Winert; od 6/XXV (17. júna 1942) Viktor Winerťs Wwe | ||
| 500 | |a Tlač. C. F. Wigand v Bratislave; od 1/II (1919) Der Graphischen Kunstanstalt C. F. Wigand A. G. | ||
| 500 | |a Začal vychádzať v marci 1918. (Údaj prevzatý z: Kemény György: Magyarország időszaki sajtója 1911- től 1920- ig, Budapest 1942, str. 54.) Vyhl. NÚZ 562 Úr. nov. z 29.12.1942 mal zakázané používať papier a tlačiarenské práce. Januárovým číslom XXVI. ročníka zanikol | ||
| 500 | |a Mal pravidelnú prílohu "Donau Post" Anzeigenteil a prílohu Donau-Post - Kleiner Anzeiger | ||
| 505 | 8 | 0 | |g Roč. I. 1918 10 čís. |
| 505 | 8 | 0 | |g Roč. II. 1919 12 čís. 204 s. [+2 s. indexu] |
| 505 | 8 | 0 | |g Roč. III. 1920 12 čís. 208 s. [+2 s. indexu] |
| 505 | 8 | 0 | |g Roč. IV. 1921 12 čís. 192 s. |
| 505 | 8 | 0 | |g Roč. V. 1922 12 čís. 184 s. |
| 505 | 8 | 0 | |g Roč. VI. 1923 12 čís. 172 s. |
| 505 | 8 | 0 | |g Roč. VII. 1924 11 čís. 156 s. |
| 505 | 8 | 0 | |g Roč. VIII. 1925 12 čís. 174 s. |
| 505 | 8 | 0 | |g Roč. IX. 1926 12 čís. 176 s. |
| 505 | 8 | 0 | |g Roč. X. 1927 12 čís. 156 s. |
| 505 | 8 | 0 | |g Roč. XI. 1928 12 čís. 166 s. |
| 505 | 8 | 0 | |g Roč. XII. 1929 12 čís. 158 s. |
| 505 | 8 | 0 | |g Roč. XIII. 1930 12 čís. 156 s. |
| 505 | 8 | 0 | |g Roč. XIV. 1931 12 čís. 162 s. |
| 505 | 8 | 0 | |g Roč. [XV.] 1932 12 čís. 162 s. |
| 505 | 8 | 0 | |g Roč. XVI. 1933 12 čís. 166 s. |
| 505 | 8 | 0 | |g Roč. XVII. 1934 12 čís. 162 s. |
| 505 | 8 | 0 | |g Roč. XVIII. 1935 12 čís. 160 s. |
| 505 | 8 | 0 | |g Roč. XIX. 1936 12 čís. 159 s. |
| 505 | 8 | 0 | |g Roč. XX. 1937 12 čís. 184 s. |
| 505 | 8 | 0 | |g Roč. XXI. 1938 12 čís. 192 s. |
| 505 | 8 | 0 | |g (Roč. XXII. 1939) |
| 505 | 8 | 0 | |g Roč. XXIII. 1940 12 čís. 174 s. v decembri vyšlo zvl. číslo "Österreich 1850-1918" - 64 s. |
| 505 | 8 | 0 | |g Roč. XXIV. 1941 12 čís. 182 s. |
| 505 | 8 | 0 | |g Roč. XXV. 1942 12 čís. 149 s. |
| 505 | 8 | 0 | |g Roč. XXVI. 1943 1 čís. 13 s. |
| 520 | |a Nemecký odborný filatelistický časopis | ||
| 650 | 0 | 7 | |a filatelia |2 SNKPH |9 13203 |
| 655 | 7 | |a filatelistické časopisy |2 SNKBUDS |9 271113 | |
| 655 | 7 | |a odborné časopisy |2 SNKBUDS |9 70505 | |
| 700 | 1 | |a Weinert, Viktor, |d 1890-1942 |4 red |4 pbd |4 pbl |9 81296 | |
| 700 | 1 | |a Zelinka, Karol |4 red |9 271114 | |
| 710 | 0 | |a Kőhegyi, József |e vydav. |9 271115 | |
| 710 | 2 | |a Viktor Winerťs Wwe |e vydav. |9 271116 | |
| 710 | 0 | |a K. F. Wigand, úč. spol. (Bratislava, Slovensko), |d 1867-1950 |9 269496 | |
| 770 | 0 | 0 | |t Donau-Post - Kleiner Anzeiger |
| 770 | 0 | 0 | |t Donau-Post - Anzeigenteil |
| 852 | |a SNK |b 10000 |h ČSC 595 | ||
| 852 | |a UKB |h 300000 |h 21 E 2412 | ||
| 852 | |a UKB |h 300000 |h 26 E 80 | ||
| 852 | |a UKB |h 300000 |h SE 4279 | ||
| 852 | |a SVKKK |h 900000 |h B 2565 | ||
| 852 | |a PANKP |h 5000000 |h II 9177 | ||
| 999 | |c 7901 |d 9831 | ||


